[Event "Belgrade-chT Quality"]
[Site "Belgrade"]
[Date "2022.10.11"]
[Round "10.4"]
[White "Savic, Mihailo S"]
[Black "Ivanovic, Nikola"]
[Result "1/2-1/2"]
[WhiteElo "2146"]
[BlackElo "1981"]
[PlyCount "30"]
[EventDate "2022.10.01"]
[EventType "team-tourn"]
[EventRounds "11"]
[EventCountry "SRB"]
[SourceTitle "EXT 2024"]
[Source "ChessBase"]
[SourceDate "2023.10.10"]
[SourceVersion "1"]
[SourceVersionDate "2023.10.10"]
[SourceQuality "1"]
[WhiteTeam "Belgrade Belgrade"]
[BlackTeam "Belgrade Napredak"]
[WhiteTeamCountry "SRB"]
[BlackTeamCountry "SRB"]

1. e4 c5 2. Nf3 Nc6 3. Bb5 e5 4. 0-0 Nge7 5. c3 g6 6. d4 cxd4 7. cxd4 exd4 8. Nxd4 Bg7 9. Be3 0-0 10. Nc3 a6 11. Be2 d5 12. exd5 Nxd5 13. Nxd5 Nxd4 14. Bc4 Be6 15. Bxd4 Bxd5 1/2-1/2

[Event "Belgrade-chT Quality"]
[Site "Belgrade"]
[Date "2022.10.02"]
[Round "2.5"]
[White "Ivanovic, Nikola"]
[Black "Lazic, Ljubisa V"]
[Result "1/2-1/2"]
[WhiteElo "1981"]
[BlackElo "2128"]
[PlyCount "22"]
[EventDate "2022.10.01"]
[EventType "team-tourn"]
[EventRounds "11"]
[EventCountry "SRB"]
[SourceTitle "CBM 210 Extra"]
[Source "ChessBase"]
[SourceDate "2022.11.30"]
[SourceVersion "1"]
[SourceVersionDate "2022.11.30"]
[SourceQuality "1"]
[WhiteTeam "Belgrade Napredak"]
[BlackTeam "Belgrade PTT"]
[WhiteTeamCountry "SRB"]
[BlackTeamCountry "SRB"]

1. d4 d6 2. c4 e5 3. d5 Be7 4. e4 Bg5 5. Nc3 Bxc1 6. Rxc1 Nd7 7. Nf3 Ngf6 8. Be2 a5 9. 0-0 Nc5 10. Nd2 0-0 11. b3 b6 1/2-1/2

[Event "Belgrade Premier League"]
[Site "Belgrade"]
[Date "2021.10.11"]
[Round "10.3"]
[White "Tadic, Stefan"]
[Black "Ivanovic, Nikola"]
[Result "1-0"]
[WhiteElo "2332"]
[BlackElo "2025"]
[PlyCount "119"]
[EventDate "2021.10.01"]
[EventType "team-tourn"]
[EventRounds "11"]
[EventCountry "SRB"]
[SourceTitle "CBM 204 Extra"]
[Source "ChessBase"]
[SourceDate "2021.11.30"]
[SourceVersion "1"]
[SourceVersionDate "2021.11.30"]
[SourceQuality "1"]
[WhiteTeam "Belgrade Turbina"]
[BlackTeam "Belgrade Napredak"]
[WhiteTeamCountry "SRB"]
[BlackTeamCountry "SRB"]

1. e4 c5 2. Nc3 Nc6 3. f4 e6 4. Nf3 Nf6 5. e5 Nd5 6. g3 d6 7. exd6 Bxd6 8. Bg2 0-0 9. 0-0 Nxc3 10. dxc3 Qc7 11. Nd2 b6 12. Nc4 Be7 13. f5 Ba6 14. b3 Bxc4 15. bxc4 Bf6 16. fxe6 Rad8 17. exf7+ Kh8 18. Qf3 Ne5 19. Qh5 Qxf7 20. Qxf7 Nxf7 21. Bf4 Bxc3 22. Rad1 Rxd1 23. Rxd1 Bd4+ 24. Kh1 g5 25. Bd2 Ne5 26. Rf1 Rxf1+ 27. Bxf1 Nf3 28. Bc1 h6 29. Be2 Ne5 30. h4 gxh4 31. gxh4 Kg7 32. Kg2 Bc3 33. Kf2 Kg6 34. h5+ Kg7 35. Kg3 Nc6 36. a3 Bf6 37. Kg4 Nd4 38. Bd3 Ne6 39. Kf5 Ng5 40. Bf4 Bd8 41. Bb8 a5 42. a4 Kf7 43. Ke5 Ke7 44. Bd6+ Kd7 45. Kd5 Nf7 46. Bf5+ Ke8 47. Bg6 Be7 48. Bxf7+ Kxf7 49. Bxe7 Kxe7 50. Ke5 Kd7 51. Kf6 Kd6 52. c3 Kd7 53. Kg6 Ke6 54. Kxh6 Kf6 55. Kh7 Ke5 56. Kg6 Ke4 57. h6 Kd3 58. h7 Kxc3 59. h8Q+ Kxc4 60. Qb2 1-0

[Event "Belgrade Premier League"]
[Site "Belgrade"]
[Date "2021.10.08"]
[Round "7.3"]
[White "Ivanovic, Nikola"]
[Black "Mikicic, Dusan"]
[Result "1-0"]
[WhiteElo "2025"]
[BlackElo "2043"]
[PlyCount "65"]
[EventDate "2021.10.01"]
[EventType "team-tourn"]
[EventRounds "11"]
[EventCountry "SRB"]
[SourceTitle "CBM 204 Extra"]
[Source "ChessBase"]
[SourceDate "2021.11.30"]
[SourceVersion "1"]
[SourceVersionDate "2021.11.30"]
[SourceQuality "1"]
[WhiteTeam "Belgrade Napredak"]
[BlackTeam "Belgrade Tehnicka Skola"]
[WhiteTeamCountry "SRB"]
[BlackTeamCountry "SRB"]

1. d4 d5 2. c4 c6 3. Nf3 Nf6 4. Nc3 g6 5. cxd5 Nxd5 6. e4 Nxc3 7. bxc3 Bg7 8. Rb1 0-0 9. Be2 c5 10. 0-0 cxd4 11. cxd4 b6 12. Bb2 Bb7 13. Qd3 e6 14. Rfd1 Nd7 15. Qe3 Nf6 16. Nd2 Qd7 17. f3 Rfd8 18. Nc4 Rac8 19. Qa3 Ra8 20. Ne5 Qe8 21. Rbc1 Bf8 22. Qb3 Be7 23. Bb5 Qf8 24. Rc7 Rab8 25. Rxe7 Qxe7 26. Ba3 Qc7 27. Rc1 Qxc1+ 28. Bxc1 Rxd4 29. Bb2 Rdd8 30. Nc6 Bxc6 31. Bxc6 Rdc8 32. Qc3 e5 33. Qxe5 1-0

[Event "Belgrade Premier League"]
[Site "Belgrade"]
[Date "2021.10.03"]
[Round "3.1"]
[White "Ivanovic, Nikola"]
[Black "Lovric, Robert"]
[Result "1/2-1/2"]
[WhiteElo "2025"]
[BlackElo "2005"]
[PlyCount "59"]
[EventDate "2021.10.01"]
[EventType "team-tourn"]
[EventRounds "11"]
[EventCountry "SRB"]
[SourceTitle "CBM 204 Extra"]
[Source "ChessBase"]
[SourceDate "2021.11.30"]
[SourceVersion "1"]
[SourceVersionDate "2021.11.30"]
[SourceQuality "1"]
[WhiteTeam "Belgrade Napredak"]
[BlackTeam "Romanticari"]
[WhiteTeamCountry "SRB"]
[BlackTeamCountry "SRB"]

1. d4 d5 2. c4 e6 3. Nc3 Be7 4. Nf3 Nf6 5. Bg5 0-0 6. e3 h6 7. Bh4 b6 8. Rc1 Bb7 9. Bxf6 Bxf6 10. cxd5 exd5 11. Be2 Nd7 12. b4 Re8 13. Nb5 Rc8 14. Nxa7 Ra8 15. Nb5 c6 16. Nc3 Ra3 17. 0-0 b5 18. Nd2 Qe7 19. Ndb1 Ra7 20. Qb3 Nb6 21. Rfd1 Bc8 22. Nd2 Bf5 23. Ncb1 Nc4 24. Bxc4 bxc4 25. Qb2 Rb8 26. a3 Rba8 27. Re1 Bd3 28. e4 Qd7 29. e5 Bg5 30. Rc3 1/2-1/2

[Event "Belgrade Premier League"]
[Site "Belgrade"]
[Date "2021.10.02"]
[Round "2.6"]
[White "Nedeljkovic, Dragan"]
[Black "Ivanovic, Nikola"]
[Result "1/2-1/2"]
[WhiteElo "2053"]
[BlackElo "2025"]
[PlyCount "88"]
[EventDate "2021.10.01"]
[EventType "team-tourn"]
[EventRounds "11"]
[EventCountry "SRB"]
[SourceTitle "CBM 204 Extra"]
[Source "ChessBase"]
[SourceDate "2021.11.30"]
[SourceVersion "1"]
[SourceVersionDate "2021.11.30"]
[SourceQuality "1"]
[WhiteTeam "Belgrade PTT"]
[BlackTeam "Belgrade Napredak"]
[WhiteTeamCountry "SRB"]
[BlackTeamCountry "SRB"]

1. e4 c5 2. Nf3 Nc6 3. Bb5 e5 4. 0-0 Nge7 5. c3 g6 6. d4 cxd4 7. cxd4 exd4 8. Nxd4 Bg7 9. Nxc6 bxc6 10. Bc4 0-0 11. Qd6 Kh8 12. Nc3 Ng8 13. Be3 Qa5 14. Bd4 Ba6 15. Bxg7+ Kxg7 16. Qd4+ f6 17. Qxd7+ Kh8 18. Qxc6 Bxc4 19. Qxc4 Rab8 20. Rab1 Rfc8 21. Qa4 Qc5 22. a3 Ne7 23. Rfd1 Rc7 24. Nd5 Nxd5 25. Rxd5 Rxb2 26. Rxb2 Qc1+ 27. Rd1 Qxb2 28. Qb4 Qxb4 29. axb4 Rc4 30. f3 Rxb4 31. Rd8+ Kg7 32. Rd7+ Kh6 33. Rxa7 g5 34. Ra6 Kg7 35. Kf2 Rb2+ 36. Kg3 Rc2 37. h4 gxh4+ 38. Kh3 Re2 39. Ra5 Kg6 40. Rf5 h5 41. Rf4 Kg5 42. Rxh4 Rf2 43. e5 fxe5 44. Re4 Kf5 1/2-1/2

[Event "Belgrade-chT Quality"]
[Site "Belgrade"]
[Date "2020.11.07"]
[Round "8.5"]
[White "Ivanovic, Nikola"]
[Black "Nenezic, Goran"]
[Result "1-0"]
[WhiteElo "2164"]
[BlackElo "1918"]
[PlyCount "65"]
[EventDate "2020.10.09"]
[EventType "team-tourn"]
[EventRounds "9"]
[EventCountry "SRB"]
[SourceTitle "EXT 2022"]
[Source "ChessBase"]
[SourceDate "2021.10.06"]
[SourceVersion "1"]
[SourceVersionDate "2021.10.06"]
[SourceQuality "1"]
[WhiteTeam "Belgrade Napredak"]
[BlackTeam "Belgrade NBSK"]
[WhiteTeamCountry "SRB"]
[BlackTeamCountry "SRB"]

1. d4 Nf6 2. c4 g6 3. Nc3 Bg7 4. Nf3 d6 5. g3 0-0 6. Bg2 Nc6 7. 0-0 Bf5 8. Ne1 e5 9. d5 Ne7 10. e4 Bg4 11. f3 Bd7 12. Nd3 Qc8 13. b4 Ne8 14. c5 f5 15. Ba3 f4 16. Rc1 fxg3 17. hxg3 Qd8 18. b5 Bh6 19. Rc2 g5 20. c6 bxc6 21. dxc6 Be6 22. Nxe5 Bg7 23. Ng4 Nf6 24. Nxf6+ Bxf6 25. f4 Rf7 26. Bc1 g4 27. Ne2 Rg7 28. f5 Bc8 29. e5 Bxe5 30. f6 Rg6 31. fxe7 Qxe7 32. Nf4 Qg7 33. Bd5+ 1-0

[Event "Belgrade-chT Quality"]
[Site "Belgrade"]
[Date "2020.10.24"]
[Round "5.5"]
[White "Karleusa, Mirko"]
[Black "Ivanovic, Nikola"]
[Result "0-1"]
[WhiteElo "1957"]
[BlackElo "2164"]
[PlyCount "55"]
[EventDate "2020.10.09"]
[EventType "team-tourn"]
[EventRounds "9"]
[EventCountry "SRB"]
[SourceTitle "EXT 2022"]
[Source "ChessBase"]
[SourceDate "2021.10.06"]
[SourceVersion "1"]
[SourceVersionDate "2021.10.06"]
[SourceQuality "1"]
[WhiteTeam "Belgrade Borca"]
[BlackTeam "Belgrade Napredak"]
[WhiteTeamCountry "SRB"]
[BlackTeamCountry "SRB"]

1. e4 c5 2. Nf3 Nc6 3. Nc3 d6 4. d4 cxd4 5. Nxd4 Nf6 6. Be2 e5 7. Nb3 Be7 8. Be3 0-0 9. Qd2 Be6 10. f3 a5 11. Na4 d5 12. exd5 Nxd5 13. c3 Nxe3 14. Qxe3 Bg5 15. Qb6 Bxb3 16. Qxd8 Rfxd8 17. axb3 Be3 18. h4 Rd2 19. h5 Rad8 20. Rh4 b5 21. Re4 bxa4 22. Rxe3 axb3 23. Bb5 Na7 24. Rxa5 Nxb5 25. Rxb5 Rxb2 26. Re2 Rb1+ 27. Kf2 f6 28. Rb7 0-1

[Event "Belgrade City-chT"]
[Site "Belgrade"]
[Date "2019.05.16"]
[Round "4.5"]
[White "Stamatovic, Aleksandar"]
[Black "Ivanovic, Nikola"]
[Result "1/2-1/2"]
[WhiteElo "2145"]
[BlackElo "2110"]
[PlyCount "142"]
[EventDate "2019.05.13"]
[EventType "team-swiss"]
[EventRounds "5"]
[EventCountry "SRB"]
[SourceTitle "CBM 190 Extra"]
[Source "ChessBase"]
[SourceDate "2019.07.15"]
[SourceVersion "1"]
[SourceVersionDate "2019.07.15"]
[SourceQuality "1"]
[WhiteTeam "Bogoslov"]
[BlackTeam "Napredak"]
[WhiteTeamCountry "SRB"]
[BlackTeamCountry "SRB"]

1. e4 c5 2. Nf3 Nc6 3. Bb5 e5 4. c3 Nge7 5. 0-0 g6 6. d4 cxd4 7. cxd4 Bg7 8. dxe5 Nxe5 9. Nxe5 Bxe5 10. Nc3 a6 11. Ba4 Nc6 12. Be3 0-0 13. f4 Bxc3 14. bxc3 Re8 15. Qd3 Qe7 16. Bc2 d5 17. Qxd5 Bf5 18. exf5 Qxe3+ 19. Kh1 Rad8 20. Qf3 Rd2 21. Bb3 Qxf3 22. Rxf3 Ree2 23. fxg6 hxg6 24. Rg3 Kf8 25. Rf1 Ne7 26. Bc4 Nf5 27. Bxe2 Nxg3+ 28. hxg3 Rxe2 29. Rb1 Rxa2 30. Rxb7 Rc2 31. Rc7 a5 32. Kh2 a4 33. Ra7 Rxc3 34. Rxa4 Kg7 35. g4 Rb3 36. Ra7 Rc3 37. g3 Rb3 38. Kh3 Rc3 39. Kh4 Rb3 40. g5 Rb5 41. Ra6 Rb1 42. Kg4 Rb4 43. Ra3 Rb5 44. Kf3 Rb1 45. Ke4 Re1+ 46. Kd4 Rd1+ 47. Rd3 Ra1 48. Kd5 Re1 49. Kd6 f6 50. gxf6+ Kxf6 51. Rd5 Rg1 52. Rg5 Rd1+ 53. Kc5 Rd2 54. Kc4 Rd1 55. Kc3 Rd7 56. Rc5 Rd1 57. Kc2 Rg1 58. Rg5 Ra1 59. Kd3 Ra3+ 60. Ke2 Rb3 61. Kf2 Ra3 62. Kg2 Rb3 63. Kh3 Ra3 64. Kh4 Ra4 65. Rb5 Rc4 66. Rb6+ Kg7 67. g4 Rxf4 68. Kg5 Ra4 69. Rxg6+ Kh7 70. Rb6 Ra5+ 71. Kh4 Kg7 1/2-1/2

[Event "Belgrade City-chT"]
[Site "Belgrade"]
[Date "2019.05.15"]
[Round "3.3"]
[White "Ivanovic, Nikola"]
[Black "Markovic, Misa"]
[Result "1/2-1/2"]
[WhiteElo "2110"]
[BlackElo "2173"]
[PlyCount "24"]
[EventDate "2019.05.13"]
[EventType "team-swiss"]
[EventRounds "5"]
[EventCountry "SRB"]
[SourceTitle "CBM 190 Extra"]
[Source "ChessBase"]
[SourceDate "2019.07.15"]
[SourceVersion "1"]
[SourceVersionDate "2019.07.15"]
[SourceQuality "1"]
[WhiteTeam "Napredak"]
[BlackTeam "Cukaricki"]
[WhiteTeamCountry "SRB"]
[BlackTeamCountry "SRB"]

1. d4 d5 2. c4 c6 3. Nf3 e6 4. Nc3 f5 5. e3 Nf6 6. Be2 Bd6 7. 0-0 Nbd7 8. b3 0-0 9. Bb2 Ne4 10. Nxe4 dxe4 11. Ne5 Qg5 12. Qc1 Rf6 1/2-1/2

[Event "Belgrade-chT Premier"]
[Site "Belgrade"]
[Date "2017.09.25"]
[Round "7.1"]
[White "Ivanovic, Nikola"]
[Black "Svicevic, Rastko"]
[Result "0-1"]
[WhiteElo "2158"]
[BlackElo "2215"]
[PlyCount "116"]
[EventDate "2017.09.18"]
[EventType "team"]
[EventRounds "9"]
[EventCountry "SRB"]
[SourceTitle "EXT 2018"]
[Source "ChessBase"]
[SourceDate "2017.10.13"]
[SourceVersion "1"]
[SourceVersionDate "2017.10.13"]
[SourceQuality "1"]
[WhiteTeam "Belgrade Partizan"]
[BlackTeam "Rudovci Radnicki"]
[WhiteTeamCountry "SRB"]
[BlackTeamCountry "SRB"]

1. d4 Nf6 2. c4 e6 3. Nc3 Bb4 4. e3 0-0 5. Nge2 Re8 6. a3 Bf8 7. Ng3 d5 8. cxd5 exd5 9. Bd3 c5 10. 0-0 Nc6 11. dxc5 Bxc5 12. b4 Bd6 13. Bb2 Be5 14. h3 Bxg3 15. fxg3 Rxe3 16. Qd2 Rxg3 17. Ne2 Qb6+ 18. Rf2 Rxd3 19. Qxd3 Ne4 20. Raf1 Be6 21. b5 Nxf2 22. Rxf2 d4 23. Nf4 Ne5 24. Qe4 Ng6 25. Bxd4 Bf5 26. Qd5 Qd8 27. Qxf5 Qxd4 28. Nxg6 fxg6 29. Qf7+ Kh8 30. Kh1 h6 31. Qxb7 Re8 32. Qf3 Re3 33. Qf8+ Kh7 34. Qb4 Qa1+ 35. Kh2 Re1 36. a4 Rh1+ 37. Kg3 Qe5+ 38. Qf4 Qc3+ 39. Qf3 Qb4 40. Qf4 Qc3+ 41. Qf3 Qa1 42. Qe4 Re1 43. Qc4 Rc1 44. Qb4 Qe5+ 45. Qf4 Qc3+ 46. Rf3 Qe1+ 47. Rf2 Rc2 48. Qd4 Ra2 49. Qf4 h5 50. h4 Re2 51. Qf7 Re4 52. Kh2 Rxh4+ 53. Kg3 Qe5+ 54. Rf4 Rg4+ 55. Kf3 Qc3+ 56. Ke4 Qb4+ 57. Kf3 Qa3+ 58. Kf2 Qg3+ 0-1

[Event "Belgrade-chT Premier"]
[Site "Belgrade"]
[Date "2017.09.21"]
[Round "4.4"]
[White "Ugrcic, Zoran"]
[Black "Ivanovic, Nikola"]
[Result "1-0"]
[WhiteElo "2000"]
[BlackElo "2158"]
[PlyCount "70"]
[EventDate "2017.09.18"]
[EventType "team"]
[EventRounds "9"]
[EventCountry "SRB"]
[SourceTitle "CBM 180 Extra"]
[Source "ChessBase"]
[SourceDate "2017.10.06"]
[SourceVersion "1"]
[SourceVersionDate "2017.10.06"]
[SourceQuality "1"]
[WhiteTeam "Cukaricki"]
[BlackTeam "Belgrade Partizan"]
[WhiteTeamCountry "SRB"]
[BlackTeamCountry "SRB"]

1. Nf3 Nf6 2. d4 g6 3. g3 Bg7 4. Bg2 0-0 5. 0-0 d6 6. c4 Nc6 7. Nc3 Bf5 8. b3 Ne4 9. Nxe4 Bxe4 10. Bb2 a6 11. Qd2 e6 12. Rfd1 Ne7 13. Rac1 b6 14. Qf4 Bb7 15. e4 c5 16. e5 Nf5 17. h4 Bh6 18. Ng5 Bxg2 19. Kxg2 f6 20. exf6 Qxf6 21. Qe4 Nxh4+ 22. gxh4 Qxf2+ 23. Kh1 Rf4 24. Qxe6+ Kh8 25. Rf1 Rxh4+ 26. Nh3 Qg3 27. dxc5+ Bg7 28. Bxg7+ Kxg7 29. Rc3 Qxc3 30. Qe7+ Kg8 31. Qxh4 Re8 32. Ng5 h5 33. Qf4 Qg7 34. cxd6 Qb7+ 35. Qf3 Qd7 1-0

[Event "Belgrade-chT"]
[Site "Belgrade"]
[Date "2017.05.10"]
[Round "1.2"]
[White "Savic, Mihailo S"]
[Black "Ivanovic, Nikola"]
[Result "1/2-1/2"]
[WhiteElo "2250"]
[BlackElo "2147"]
[PlyCount "44"]
[EventDate "2017.05.10"]
[EventType "team-swiss"]
[EventRounds "5"]
[EventCountry "SRB"]
[SourceTitle "CBM 178 Extra"]
[Source "ChessBase"]
[SourceDate "2017.06.22"]
[SourceVersion "1"]
[SourceVersionDate "2017.06.22"]
[SourceQuality "1"]
[WhiteTeam "Vidikovac"]
[BlackTeam "Belgrade Partizan"]
[WhiteTeamCountry "SRB"]
[BlackTeamCountry "SRB"]

1. e4 c5 2. Nf3 Nc6 3. Bb5 e5 4. 0-0 Nge7 5. c3 d6 6. d4 a6 7. Ba4 b5 8. Bc2 cxd4 9. cxd4 Bg4 10. dxe5 dxe5 11. Be3 Ng6 12. Bb3 Qxd1 13. Rxd1 Be7 14. Nbd2 0-0 15. Bd5 Rac8 16. a3 Nd4 17. Bxd4 exd4 18. h3 Bxf3 19. Nxf3 Bf6 20. Rab1 Nf4 21. Bb7 Rb8 22. Bc6 Rb6 1/2-1/2

[Event "Belgrade Partizan CC-ch"]
[Site "Belgrade"]
[Date "2017.02.03"]
[Round "1"]
[White "Radivojevic, Milan R"]
[Black "Ivanovic, Nikola"]
[Result "1-0"]
[WhiteElo "2255"]
[BlackElo "2183"]
[PlyCount "85"]
[EventDate "2017.02.03"]
[EventType "tourn"]
[EventRounds "5"]
[EventCountry "SRB"]
[SourceTitle "CBM 176 Extra"]
[Source "ChessBase"]
[SourceDate "2017.03.02"]
[SourceVersion "1"]
[SourceVersionDate "2017.03.02"]
[SourceQuality "1"]

1. e4 c5 2. Nc3 Nc6 3. g3 g6 4. Bg2 Bg7 5. d3 e5 6. Be3 d6 7. Qd2 Nd4 8. Nce2 Ne7 9. c3 Ndc6 10. Bh6 0-0 11. h4 f5 12. h5 Qe8 13. Bxg7 Kxg7 14. Nf3 fxe4 15. dxe4 Bg4 16. hxg6 Qxg6 17. Nh4 Qe6 18. f3 Bh5 19. Bh3 Qf7 20. Bf5 Bg6 21. g4 Rh8 22. Qxd6 Rad8 23. Qxc5 Rd3 24. Nc1 b6 25. Qf2 Rd6 26. Nb3 Rhd8 27. Qh2 Kg8 28. Nxg6 Nxg6 29. Bxg6 Qxg6 30. Qh5 Qg7 31. Ke2 Qf7 32. Qf5 Qxf5 33. exf5 Na5 34. Rad1 Nc4 35. Rxd6 Rxd6 36. Rd1 Rxd1 37. Kxd1 Nxb2+ 38. Kc2 Nc4 39. Kd3 Nd6 40. Nd2 b5 41. c4 bxc4+ 42. Nxc4 Nf7 43. a4 1-0

[Event "Belgrade-chT Quality"]
[Site "Belgrade"]
[Date "2016.10.25"]
[Round "9.4"]
[White "Poleksic, Petar"]
[Black "Ivanovic, Nikola"]
[Result "1-0"]
[WhiteElo "1961"]
[BlackElo "2201"]
[PlyCount "87"]
[EventDate "2016.10.01"]
[EventType "team-tourn"]
[EventRounds "11"]
[EventCountry "SRB"]
[SourceTitle "EXT 2018"]
[Source "ChessBase"]
[SourceDate "2017.10.13"]
[SourceVersion "1"]
[SourceVersionDate "2017.10.13"]
[SourceQuality "1"]

1. d4 Nf6 2. c4 g6 3. Nc3 Bg7 4. e4 d6 5. Nf3 0-0 6. Be2 Nbd7 7. 0-0 e5 8. Be3 Ng4 9. Bg5 f6 10. Bc1 Nh6 11. Re1 Nf7 12. Qc2 c6 13. Be3 a5 14. a3 Qe7 15. b4 Ng5 16. Nxg5 fxg5 17. d5 h6 18. Rad1 axb4 19. axb4 c5 20. bxc5 dxc5 21. Ra1 Rb8 22. Reb1 b6 23. Rb5 Qd6 24. Qb2 Bf6 25. Ra7 Bd8 26. Na4 Bc7 27. Bg4 Nf6 28. Bxc8 Rfxc8 29. f3 Nd7 30. Ra6 Qf8 31. Nxb6 Rxb6 32. Rbxb6 Bxb6 33. Rxb6 Nxb6 34. Qxb6 Kh7 35. Qb7+ Kh8 36. d6 Qd8 37. Qd5 Qf6 38. Bxc5 Qf4 39. d7 Rd8 40. Be7 Qe3+ 41. Kf1 Qc1+ 42. Kf2 Qb2+ 43. Kg3 Qc3 44. Bf6+ 1-0

[Event "Belgrade Cup 16th"]
[Site "Belgrade"]
[Date "2016.05.13"]
[Round "5.1"]
[White "Acimovic, Svetozar"]
[Black "Ivanovic, Nikola"]
[Result "1-0"]
[WhiteElo "2299"]
[BlackElo "2209"]
[PlyCount "55"]
[EventDate "2016.05.09"]
[EventType "team-swiss"]
[EventRounds "5"]
[EventCountry "SRB"]
[SourceTitle "CBM 172 Extra"]
[Source "ChessBase"]
[SourceDate "2016.06.21"]
[SourceVersion "1"]
[SourceVersionDate "2016.06.21"]
[SourceQuality "1"]
[WhiteTeam "Podunavac"]
[BlackTeam "Belgrade Partizan"]
[WhiteTeamCountry "SRB"]
[BlackTeamCountry "SRB"]

1. d4 Nf6 2. c4 g6 3. Nc3 Bg7 4. e4 d6 5. f3 0-0 6. Be3 a6 7. Qd2 Nc6 8. Nge2 Re8 9. g4 Rb8 10. g5 Nh5 11. Ng3 Nxg3 12. hxg3 e5 13. d5 Nd4 14. Be2 c5 15. 0-0-0 Bd7 16. Rh2 b5 17. Rdh1 Qa5 18. Rxh7 bxc4 19. Bd1 Kf8 20. Qh2 Ke7 21. Rxg7 Rh8 22. Qxh8 Rxh8 23. Rxh8 Nb5 24. Bd2 Nxc3 25. Bxc3 Qxa2 26. Rhh7 Qa1+ 27. Kd2 Be8 28. Rxg6 1-0

[Event "Belgrade Cup 16th"]
[Site "Belgrade"]
[Date "2016.05.09"]
[Round "1.1"]
[White "Kosanovic, Dragan"]
[Black "Ivanovic, Nikola"]
[Result "1-0"]
[WhiteElo "2352"]
[BlackElo "2209"]
[PlyCount "67"]
[EventDate "2016.05.09"]
[EventType "team-swiss"]
[EventRounds "5"]
[EventCountry "SRB"]
[SourceTitle "CBM 172 Extra"]
[Source "ChessBase"]
[SourceDate "2016.06.21"]
[SourceVersion "1"]
[SourceVersionDate "2016.06.21"]
[SourceQuality "1"]
[WhiteTeam "Politika"]
[BlackTeam "Belgrade Partizan"]
[WhiteTeamCountry "SRB"]
[BlackTeamCountry "SRB"]

1. d4 d5 2. Nf3 e6 3. c4 c5 4. cxd5 exd5 5. g3 Nc6 6. Bg2 Nf6 7. 0-0 Be7 8. Nc3 c4 9. Ne5 0-0 10. Bg5 Be6 11. b3 cxb3 12. Nxc6 bxc6 13. axb3 h6 14. Bxf6 Bxf6 15. Na4 Re8 16. e3 Be7 17. Qc2 Qb8 18. Rfc1 Rc8 19. Bf1 h5 20. Nc5 Bxc5 21. Qxc5 h4 22. b4 h3 23. Ra6 Bd7 24. Rca1 Rc7 25. Bd3 Rb7 26. b5 cxb5 27. Qxd5 Qc8 28. Qh5 Rc7 29. Qh7+ Kf8 30. Qh8+ Ke7 31. Qxg7 Rc1+ 32. Bf1 b4 33. Qg5+ Kf8 34. Rh6 1-0

[Event "Belgrade-chT Quality"]
[Site "Belgrade"]
[Date "2015.11.04"]
[Round "10"]
[White "Zivkovic, Sava"]
[Black "Ivanovic, Nikola"]
[Result "1-0"]
[WhiteElo "2280"]
[BlackElo "2227"]
[PlyCount "81"]
[EventDate "2015.10.03"]
[EventType "team-tourn"]
[EventRounds "11"]
[EventCountry "SRB"]
[SourceTitle "EXT 2018"]
[Source "ChessBase"]
[SourceDate "2017.10.13"]
[SourceVersion "1"]
[SourceVersionDate "2017.10.13"]
[SourceQuality "1"]

1. e4 c5 2. Nf3 Nc6 3. d4 cxd4 4. Nxd4 Nf6 5. Nc3 d6 6. g3 g6 7. Nde2 h5 8. h3 Bd7 9. Bg2 Qc8 10. b3 Bg7 11. Bb2 h4 12. g4 Nxg4 13. hxg4 Bxg4 14. Rf1 h3 15. Bh1 Nd4 16. f3 Nxe2 17. Kxe2 Bxc3 18. Bxc3 Qxc3 19. fxg4 Rc8 20. Rc1 Qg3 21. Bf3 h2 22. c4 Rh3 23. Rc3 Rc5 24. Kd2 b5 25. Qe2 b4 26. Rd3 Qe5 27. Kc2 d5 28. Bh1 Rxd3 29. Qxd3 dxc4 30. bxc4 Qc7 31. Kb3 Qa5 32. Kb2 Qc7 33. Rc1 a5 34. Qd4 f6 35. Rc2 a4 36. Bf3 a3+ 37. Kb3 Qg3 38. Kxb4 Qxf3 39. Rxh2 Rg5 40. Rh8+ Kf7 41. Qd8 1-0

[Event "Belgrade-chT Quality"]
[Site "Belgrade"]
[Date "2015.10.10"]
[Round "3"]
[White "Ivanovic, Nikola"]
[Black "Kuzmanovic, Aleksa"]
[Result "0-1"]
[WhiteElo "2227"]
[BlackElo "2059"]
[PlyCount "58"]
[EventDate "2015.10.03"]
[EventType "team-tourn"]
[EventRounds "11"]
[EventCountry "SRB"]
[SourceTitle "EXT 2018"]
[Source "ChessBase"]
[SourceDate "2017.10.13"]
[SourceVersion "1"]
[SourceVersionDate "2017.10.13"]
[SourceQuality "1"]

1. d4 Nf6 2. c4 g6 3. Nc3 d5 4. cxd5 Nxd5 5. e4 Nxc3 6. bxc3 Bg7 7. Nf3 0-0 8. Rb1 c5 9. Be2 cxd4 10. cxd4 Qa5+ 11. Bd2 Qxa2 12. 0-0 Bg4 13. d5 Nd7 14. Bg5 Nc5 15. Bxe7 Nxe4 16. Rb4 Nc3 17. Bc4 Nxd1 18. Bxa2 Bxf3 19. gxf3 Nc3 20. Bb3 b5 21. Re1 a5 22. Rf4 a4 23. Bxf8 Kxf8 24. d6 axb3 25. Re7 f5 26. Rb4 Nd5 27. Rxb3 Nxe7 28. dxe7+ Kxe7 29. Rxb5 Bd4 0-1

[Event "Belgrade tt Cup"]
[Site "Belgrade"]
[Date "2015.04.25"]
[Round "5.1"]
[White "Dobrijevic, Milan"]
[Black "Ivanovic, Nikola"]
[Result "0-1"]
[WhiteElo "2251"]
[BlackElo "2224"]
[PlyCount "66"]
[EventDate "2015.04.20"]
[EventType "team-swiss"]
[EventRounds "5"]
[EventCountry "SRB"]
[SourceTitle "CBM 166 Extra"]
[Source "ChessBase"]
[SourceDate "2015.06.18"]
[SourceVersion "1"]
[SourceVersionDate "2015.06.18"]
[SourceQuality "1"]
[WhiteTeam "PTT"]
[BlackTeam "Belgrade Partizan"]
[WhiteTeamCountry "SRB"]
[BlackTeamCountry "SRB"]

1. e4 c5 2. Nf3 Nc6 3. Bb5 g6 4. 0-0 Bg7 5. Nc3 d6 6. Re1 e5 7. Nd5 a6 8. Bc4 b5 9. Bf1 Nge7 10. a4 Rb8 11. axb5 axb5 12. c3 0-0 13. d4 exd4 14. Bf4 Bg4 15. Ra6 Nxd5 16. exd5 Ne5 17. cxd4 Bxf3 18. gxf3 cxd4 19. Kg2 g5 20. Bd2 f5 21. Bb4 Rf6 22. Qxd4 Rh6 23. Rxd6 Rxd6 24. Rxe5 Re6 25. Ba5 Bxe5 26. Qd2 Reb6 27. Bxb5 Qf6 28. Bc4 Rxb2 29. d6+ Kg7 30. Qd5 Qxd6 31. Qf7+ Kh8 32. Qxf5 Rf8 33. Qh3 Qd4 0-1